000 00784cam a2200253 4500
001 ABS61336
008 000000n1999 000 0 eng u
035 _a(Sirsi) u100581
100 _aLyon, T.
245 _aProfit and leasehold
260 _c1999
490 _aEstates Gazette
_v(9939) 2 October 1999, 140-141(2)
520 _aThe Accounting Standards Board's proposed changes to how leases are treated in commercial accounts will lead to permanent changes in the property market.
590 _aABS
650 _aACCOUNTING STANDARDS BOARD
650 _aACCOUNTING STANDARDS
650 _aLEASES
650 _aACCOUNTS
650 _aBALANCE SHEET
650 _aOPERATING LEASES
650 _aCAPITAL VALUES
690 _aCOMMERCIAL PROPERTY
_96227
942 _n0
999 _c60173
_d60173